000
00359nam a2200133Ia 4500
008
231129s1994||||xx |||||||||||||| ||spa||
020
_a
84-7583-448-5 (Vol
082
_a
JSA- 050
100
_a
Prideaux Tom
245
0
_a
El hombre de Cro-Magnon (I)
260
_c
1994
264
_a
Barcelona: Folio 1994
942
_2
ddc
_c
BKS
999
_c
11251
_d
11251